| 000 | 00812cam a22002533a 4500 | ||
|---|---|---|---|
| 001 | 9473 | ||
| 003 | PGUSA | ||
| 005 | 20140828083212.0 | ||
| 008 | 051201s2005||||xxu|||||s|||||000 1 eng d | ||
| 040 |
_aPGUSA _beng |
||
| 042 | _adc | ||
| 050 | 4 | _aPG | |
| 100 | 1 |
_aSienkiewicz, Henryk, _d1846-1916 |
|
| 245 | 1 | 4 |
_aThe Knights of the Cross, or, Krzyzacy : _bHistorical Romance _h[electronic resource] / _cHenryk Sienkiewicz |
| 260 |
_bProject Gutenberg, _c2005 |
||
| 506 | _aPublic domain in the USA. | ||
| 516 | _aElectronic text | ||
| 653 | _aPoland -- History -- Jagellons, 1386-1572 -- Fiction | ||
| 653 | _aTeutonic Knights -- History -- Fiction | ||
| 700 | 1 |
_aBinion, Samuel Augustus, _d1853-1914 |
|
| 830 | 0 |
_aProject Gutenberg _v9473 |
|
| 856 | 4 | 0 | _uhttp://www.gutenberg.org/ebooks/9473 |
| 942 | _cEB | ||
| 999 |
_c238729 _d238729 |
||